书目信息 |
| 题名: |
苏联出兵中国东北纪实
|
|
| 作者: | 札哈罗夫 , 乌斯季诺夫 原著 ;金东吉 编译 | |
| 分册: | ||
| 出版信息: | 成都 四川人民出版社 2005.08 |
|
| 页数: | 203页, [1] 叶图版 | |
| 开本: | 24cm | |
| 丛书名: | ||
| 单 册: | ||
| 中图分类: | K512.54 | |
| 科图分类: | ||
| 主题词: | 报告文学--Bao Gao Wen Xue--苏联--现代 | |
| 电子资源: | ||
| ISBN: | 7-220-06952-9 | |
| 000 | 00828nam0 2200241 450 | |
| 001 | CAL 012005106824 | |
| 005 | 20060526162539.50 | |
| 010 | @a7-220-06952-9@dCNY 25.00 | |
| 099 | @aCAL 012005106824 | |
| 100 | @a20050930d2005 ekmy0chiy0121 ea | |
| 101 | 1 | @achi@crus |
| 102 | @aCN@b510000 | |
| 200 | 1 | @a苏联出兵中国东北纪实@ASu Lian Chu Bing Zhong Guo Dong Bei Ji Shi@f原著乌斯季诺夫, 札哈罗夫@g金东吉编译 |
| 210 | @a成都@c四川人民出版社@d2005.08 | |
| 215 | @a203页, [1] 叶图版@c地图@d24cm | |
| 601 | 02 | @a苏联红军@AKang Ri Zhan Zheng@x抗日战争@x史料@z1937-1945 |
| 606 | 0 | @a报告文学@ABao Gao Wen Xue@y苏联@z现代 |
| 690 | @aK512.54@v4 | |
| 701 | 1 | @a札哈罗夫@AZha Ha Luo Fu@4原著 |
| 701 | 1 | @a乌斯季诺夫@AWu Si Ji Nuo Fu@4原著 |
| 702 | 0 | @a金东吉@AJin Dong Ji@4编译 |
| 801 | 0 | @c20060526 |
| 905 | @a10447@dK512.54@eY932 | |
| 苏联出兵中国东北纪实/原著乌斯季诺夫, 札哈罗夫/金东吉编译.-成都:四川人民出版社,2005.08 |
| 203页, [1] 叶图版:地图;24cm |
| ISBN 7-220-06952-9:CNY 25.00 |
| ● |
| 相关链接 |
|
|
|
正题名:苏联出兵中国东北纪实
索取号:K512.54/Y932
 
预约/预借
| 序号 | 登录号 | 条形码 | 馆藏地/架位号 | 状态 | 备注 |
| 1 | 603151 | 206031514 | 社科库309/309社科库 40排5列2层/ [索取号:K512.54/Y932] | 在馆 | |
| 2 | 603152 | 206031523 | 社科库309/309社科库 40排5列2层/ [索取号:K512.54/Y932] |
已借出,限还日期为2023.12.01 借出人:陈宁 |